نظرية المحاسبة و إقتصاد المعلومات : (Record no. 1154)

MARC details
000 -LEADER
fixed length control field 00621nam a22001817a 4500
005 - DATE AND TIME OF LATEST TRANSACTION
control field 20251108164012.0
008 - FIXED-LENGTH DATA ELEMENTS--GENERAL INFORMATION
fixed length control field 250721s1996 xx 000 0 ara d
082 14 - DEWEY DECIMAL CLASSIFICATION NUMBER
Classification number 657.0285/مطر
100 1# - MAIN ENTRY--PERSONAL NAME
Personal name مطر، محمد عطيه
245 10 - TITLE STATEMENT
Title نظرية المحاسبة و إقتصاد المعلومات :
Remainder of title الإطار الفكري و تطبيقاته العلمية /
264 1# - PRODUCTION, PUBLICATION, DISTRIBUTION, MANUFACTURE, AND COPYRIGHT NOTICE
Place of production, publication, distribution, manufacture عمان :
Name of producer, publisher, distributor, manufacturer دار حنين،
Date of production, publication, distribution, manufacture, or copyright notice 1996.
650 17 - SUBJECT ADDED ENTRY--TOPICAL TERM
Topical term or geographic name as entry element المحاسبة
650 17 - SUBJECT ADDED ENTRY--TOPICAL TERM
Topical term or geographic name as entry element الحواسيب
700 1# - ADDED ENTRY--PERSONAL NAME
Personal name الراوي، حكمت أحمد
700 1# - ADDED ENTRY--PERSONAL NAME
Personal name الحيالي، وليد ناجي
942 ## - ADDED ENTRY ELEMENTS (KOHA)
Source of classification or shelving scheme Dewey Decimal Classification
Koha item type Books
Holdings
حالة السحب حالة الفقدان مصدر التصنيف حالة التلف غير قابل للإعارة المكتبة الرئيسية المكتبة الحالية موقع الرف تاريخ التزويد الرقم المتسلسل Total Checkouts رقم الإستدعاء الباركود تاريخ آخر ظهور تاريخ الفاتورة نوع المادة (كوها)
    Dewey Decimal Classification     المكتبة المركزية المكتبة المركزية الإعارة 06/07/2004 262483   657.0285/مطر 262483 28/07/2025 06/07/2004 Books
    Dewey Decimal Classification     مكتبة حمزة العامة مكتبة حمزة العامة الإعارة 06/07/2004 6210   657.0285/مطر 6210 28/07/2025 06/07/2004 Books
    Dewey Decimal Classification Unchecked   مكتبة وادي السير العامة مكتبة وادي السير العامة الإعارة 06/07/2004 7480   657.0285/مطر   28/07/2025 06/07/2004 Books
Implemented & Customized by: BBB with SCIT (Smart Chains for Information Technology)

Powered by Koha